Maple V. Language Reference Manual

Bibliographic Details
Main Authors: Char, Bruce W., Geddes, Kith O.
Format: Section = Libro
Language:Undetermined
Spanish
Published: United States Springer Verlag 1991
Subjects:
LEADER 00590nam a2200217Ia 4500
008 240830s9999 xx 000 0 und d
020 |a 0-387-97592-6 
040 |a CEDOC FIQ-RUSB / 511 CH469 
041 |a spa 
082 |a 511 CH469 
100 1 |a Char, Bruce W. 
100 1 |b Geddes, Kith O. 
245 1 0 |a Maple V. Language Reference Manual 
260 |a United States  |b Springer Verlag  |c 1991 
300 |a 267 p.: il. 
650 7 |a ANÁLISIS NÚMERICO 
650 7 |b  LA BIBLIOTECA DE ARCE 
650 7 |c  FUNCIÓN DE BIBLIOTECA ESTÁNDAR 
942 |c BK  |2 ddc 
991 |a TEXTO 
999 |c 13143